Rechtzeitiges Erkennen und wirksame Bekämpfung vorgetäuschter Straftaten im Einbruchs- und Raubbereich

Saved in:  
Bibliographic Details
Main Author: Hardtke, Frank 1960- (Author)
Format: Print Article
Language:German
Published: 1987
In: Der Kriminalist
Year: 1987, Volume: 19, Issue: 4, Pages: 228-232
Check availability: HBZ Gateway
Keywords:

MARC

LEADER 00000caa a2200000 c 4500
001 1640757147
003 DE-627
005 20220608132513.0
007 tu
008 141013s1987 xx ||||| 00| ||ger c
035 |a (DE-627)1640757147 
035 |a (DE-576)415452759 
035 |a (DE-599)BSZ415452759 
040 |a DE-627  |b ger  |c DE-627  |e rakwb 
041 |a ger 
100 1 |a Hardtke, Frank  |d 1960-  |0 (DE-588)114703817  |0 (DE-627)691226679  |0 (DE-576)289805651  |4 aut 
109 |a Hardtke, Frank 1960- 
245 1 0 |a Rechtzeitiges Erkennen und wirksame Bekämpfung vorgetäuschter Straftaten im Einbruchs- und Raubbereich  |c Frank Hardtke 
264 1 |c 1987 
336 |a Text  |b txt  |2 rdacontent 
337 |a ohne Hilfsmittel zu benutzen  |b n  |2 rdamedia 
338 |a Band  |b nc  |2 rdacarrier 
773 0 8 |i In  |t Der Kriminalist  |d Berlin : DBB-Verl., 1969  |g 19(1987), 4, Seite 228-232  |w (DE-627)167524194  |w (DE-600)539407-7  |w (DE-576)015770524  |x 0722-3501  |7 nnas 
773 1 8 |g volume:19  |g year:1987  |g number:4  |g pages:228-232 
951 |a AR 
ELC |b 1 
LOK |0 000 xxxxxcx a22 zn 4500 
LOK |0 001 330285563X 
LOK |0 003 DE-627 
LOK |0 004 1640757147 
LOK |0 005 20250312112436 
LOK |0 008 141013||||||||||||||||ger||||||| 
LOK |0 040   |a DE-21-110  |c DE-627  |d DE-21-110 
LOK |0 689   |a s  |a Vortäuschung 
LOK |0 689   |a s  |a Straftaten 
LOK |0 852   |a DE-21-110 
LOK |0 852 1  |m p  |9 00 
LOK |0 935   |a k110 
LOK |0 938   |k p 
LOK |0 939   |a 13-10-14  |b l01 
ORI |a SA-MARC-krimdoka001.raw